000
00323nam a2200121Ia 4500
008
240624s9999 xx 000 0 und d
041
_a
eng
082
_a
658.4 DAU
100
_a
DAUPHINAIS WILLIAM G
245
_a
STRAIGHT FROM THE CEO THE WORLDS TOP BUS
260
_c
1998
_a
New York
_b
Fireside
300
_a
318 : p. : cm. ; 25
999
_c
3382
_d
3382